| 000 | 00000nam##2200000za#4500 |
| 001 | 9.578884 |
| 003 | CaOODSP |
| 005 | 20210624190309 |
| 007 | cr ||||||||||| |
| 008 | 150406|1990||||xxc|||||o f|0| 0 eng|d |
| 022 | |a1488-5379 |
| 040 | |aCaOODSP|beng |
| 043 | |an-cn--- |
| 086 | 1 |aFs97-6/1726E-PDF |
| 110 | 1 |aCanada. |bDepartment of Fisheries and Oceans. |
| 245 | 10|aStereophotographic analysis of the marine, sub littoral sediment-water interface / |h[electronic resource]|cby D.J. Wildish, B. Frost, and A.J. Wilson. |
| 260 | |aSt. Andrews - New Brunswick : |bFisheries and Oceans Canada |c1990. |
| 300 | |a20p.|bfigs., illus., references |
| 490 | 1 |aCanadian technical report of fisheries and aquatic sciences|x1488-5379|vNo. 1726 |
| 500 | |aOn t.p.: Biological Station, St. Andrews, New Brunswick. The catalogue number and ISSN for the print edition appear in the PDF version. |
| 546 | |a(Résumé en français) |
| 590 | |a14-04-Supp|b2014-02-05 |
| 720 | 1 |aWildish, D. J. |
| 720 | 1 |aWilson, A. J. |
| 720 | 1 |aFrost, B. |
| 830 | #0|aCanadian technical report of fisheries and aquatic sciences,|x1488-5379|vNo. 1726|w(CaOODSP)9.504449 |
| 856 | 40|ahttp://publications.gc.ca|qPDF|s1320 KB|uhttps://publications.gc.ca/collections/collection_2014/mpo-dfo/Fs97-6-1726-eng.pdf|yNo. 1726 |